<?xml version="1.0" encoding="UTF-8"?>
<collection xmlns="http://www.loc.gov/MARC21/slim">
 <record>
  <leader>     na                 </leader>
  <controlfield tag="001">INLIS000000000005073</controlfield>
  <controlfield tag="005">20221101050352</controlfield>
  <datafield tag="035" ind1=" " ind2=" ">
   <subfield code="a">0010-0520005073</subfield>
  </datafield>
  <controlfield tag="008">221101                |          | ind  </controlfield>
  <datafield tag="020" ind1=" " ind2=" ">
   <subfield code="a">978-979-076-405-7</subfield>
  </datafield>
  <datafield tag="041" ind1=" " ind2=" ">
   <subfield code="a">ind</subfield>
  </datafield>
  <datafield tag="082" ind1=" " ind2=" ">
   <subfield code="a">344.01</subfield>
  </datafield>
  <datafield tag="084" ind1=" " ind2=" ">
   <subfield code="a">344.01 JON h</subfield>
  </datafield>
  <datafield tag="100" ind1="0" ind2=" ">
   <subfield code="a">Joni Bambang</subfield>
  </datafield>
  <datafield tag="245" ind1="1" ind2=" ">
   <subfield code="a">Hukum Ketenagakerjaan /</subfield>
   <subfield code="c">Joni Bambang</subfield>
  </datafield>
  <datafield tag="250" ind1=" " ind2=" ">
   <subfield code="a">Cet. 1</subfield>
  </datafield>
  <datafield tag="260" ind1=" " ind2=" ">
   <subfield code="a">Bandung :</subfield>
   <subfield code="b">Pustaka Setia,</subfield>
   <subfield code="c">2013</subfield>
  </datafield>
  <datafield tag="300" ind1=" " ind2=" ">
   <subfield code="a">364 hlm. ;</subfield>
   <subfield code="c">23 cm</subfield>
  </datafield>
  <datafield tag="520" ind1=" " ind2=" ">
   <subfield code="a">Hukum perburuhan atau ketenagakerjaan merupakan bagian dari hukum yang berkenaan dengan aturan hubungan perburuhan, baik bersifat perseorangan maupun kolektif. secara tradisional hukum, hukum perburuhan terfokus pada buruh yang melakukan pekerjaan dalam suatu hubungan subordinatif (dengan pengusaha/majikan). disiplin hukum ini mencakup persoalan-persoalan, seperti pengaturan hukum atau kesepakatan kerja, hak dan kewajiban bertimbal balik dari buruh atau pekerja atau majikan, penetapan upah, jaminan kerja, kesehatan dan keamanan kerja dalam lingkungan kerja, nondokriminasi, kesepakatan kerja bersama/kolektif, peran serta pekerja, hak mogok, jaminan pendapatan/penghasilan, dan penyelenggaraan jaminan kesejahteraan bagi pekerja dan keluarga mereka. Buku hukum Ketenagakerjaan ini sangat penting untuk disimak dan uraian-uraiannya karena berkaitan langsung dengan kebutuhan primer mahasiswa ilmu hukum dan masyarakat, terutama para pekerja dan pengusaha yang ingin menambah wawasan hukum ketenagakerjaan sehingga dapat memahami dan melindungi hak-hak para pekerja yang &quot;terkadang&quot; semakin tidak berdaya menghadapi arus dan situasi ekonomi dewasa ini.</subfield>
  </datafield>
  <datafield tag="650" ind1=" " ind2="4">
   <subfield code="a">hukum ketenagakerjaan</subfield>
  </datafield>
  <datafield tag="990" ind1=" " ind2=" ">
   <subfield code="a">23277/MKRI-P/XI-2014</subfield>
  </datafield>
  <datafield tag="990" ind1=" " ind2=" ">
   <subfield code="a">23275/MKRI-P/XI-2014</subfield>
  </datafield>
  <datafield tag="990" ind1=" " ind2=" ">
   <subfield code="a">23599/MKRI-P/I-2015</subfield>
  </datafield>
  <datafield tag="990" ind1=" " ind2=" ">
   <subfield code="a">23276/MKRI-P/XI-2014</subfield>
  </datafield>
  <datafield tag="990" ind1=" " ind2=" ">
   <subfield code="a">23275/MKRI-P/XI-2014</subfield>
  </datafield>
  <datafield tag="990" ind1=" " ind2=" ">
   <subfield code="a">23277/MKRI-P/XI-2014</subfield>
  </datafield>
  <datafield tag="990" ind1=" " ind2=" ">
   <subfield code="a">23599/MKRI-P/I-2015</subfield>
  </datafield>
  <datafield tag="990" ind1=" " ind2=" ">
   <subfield code="a">23276/MKRI-P/XI-2014</subfield>
  </datafield>
  <datafield tag="990" ind1=" " ind2=" ">
   <subfield code="a">23275/MKRI-P/XI-2014</subfield>
  </datafield>
  <datafield tag="990" ind1=" " ind2=" ">
   <subfield code="a">23277/MKRI-P/XI-2014</subfield>
  </datafield>
  <datafield tag="990" ind1=" " ind2=" ">
   <subfield code="a">23599/MKRI-P/I-2015</subfield>
  </datafield>
  <datafield tag="990" ind1=" " ind2=" ">
   <subfield code="a">23276/MKRI-P/XI-2014</subfield>
  </datafield>
 </record>
</collection>
